| 000 | 01154nam a2200301 a 4500 | ||
|---|---|---|---|
| 001 | 000023408 | ||
| 005 | 20250314135209.0 | ||
| 008 | 101206s1981 mx a r 000 0 spa d | ||
| 020 | _a9681605578 | ||
| 040 |
_aDO-SdBNP _bspa _cBNPHU |
||
| 082 |
_a330.1 _bL274e |
||
| 100 | 1 |
_aLange, Oskar, _d1904-1965. _948225 |
|
| 240 | 1 | 0 |
_aEknomia polityczna _lEspañol. |
| 245 | 1 | 0 |
_aEconomía política ll / _cOskar Lange ; traducción del polaco de Elzbieta G. de Kerlow. |
| 260 |
_aMéxico : _bFondo de Cultura Económica, _c1981. |
||
| 300 |
_a2 v. : _bil. ; _c21 cm. |
||
| 490 | 1 | _aSección de obras de economía | |
| 500 | _aIncluye referencias bibliográficas y notas al pie de las páginas | ||
| 534 |
_aTítulo original: _tEkonomia Polityczna, vol. II. |
||
| 650 | 4 |
_aPolítica económica. sociología política. economía política. ciencia política. _948226 |
|
| 650 | 0 |
_aPolítica económica _984931 |
|
| 650 | 0 |
_aSociología política _92483 |
|
| 650 | 0 |
_aEconomía política _95976 |
|
| 650 | 0 |
_aCiencia política _95772 |
|
| 700 | 1 |
_aKerlow, Elzbieta G. de _etr. _948227 |
|
| 830 | 0 |
_aSección de obras de economía _930599 |
|
| 049 | _aBNGR | ||
| 999 |
_c22905 _d22905 |
||